Biology of plants (Registro nro. 5193)

Detalles MARC
000 -CABECERA
Campo de control 00846nam a2200301 a 4500
005 - FECHA Y HORA DE LA ULTIMA TRANSACCION
Campo de control 20200104041557.0
008 - ELEMENTOS DE LONGITUD FIJA—INFORMACION GENERAL
Campo de control 140318t2005 nyuo fr|||| 001 0 eng d
020 ## - ISBN
ISBN 0716762846
040 ## - FUENTE DE CATALOGACIÓN
Agencia catalogadora original CO-BoIAVH
Agencia transcriptora CO-BoIAVH
041 0# - IDIOMA
Código de idioma para texto/pista de sonido o título separado Inglés
044 ## - PAÍS DE PUBLICACIÓN
País de publicación Estados Unidos
082 04 - NUMERO DE CLASIFICACION DECIMAL DEWEY
Número de clasificación 581.7
Número del ítem R25b
100 1# - ASIENTO PRINCIPAL--NOMBRE PERSONAL
Nombre personal Raven, Peter H.
9 (RLIN) 14933
245 10 - MENCION DE TITULO
Título Biology of plants
250 ## - MENCION DE EDICION
Mención de edición Séptima edición
260 ## - PUBLICACION, DISTRIBUCION, ETC. (PIE DE IMPRENTA)
Lugar de publicación, distribución, etc. New York :
Nombre del editor, distribuidor, etc. W.h. Freeman and Company Publishers,
Fecha de publicación, distribución, etc. c2005.
300 ## - DESCRIPCION FISICA
Extensión 686 páginas :
Otros detalles físicos Fotografías ;
Dimensiones 29 x 24 cm.
500 ## - NOTA GENERAL
Nota general Incluye índice.
500 ## - NOTA GENERAL
Nota general Incluye glosario.
650 16 - ASIENTO SECUNDARIO DE MATERIA - TERMINO TEMATICO
Término temático o nombre geográfico como elemento de entrada Plantas
9 (RLIN) 92294
650 26 - ASIENTO SECUNDARIO DE MATERIA - TERMINO TEMATICO
Término temático o nombre geográfico como elemento de entrada Botánica
9 (RLIN) 361
650 26 - ASIENTO SECUNDARIO DE MATERIA - TERMINO TEMATICO
Término temático o nombre geográfico como elemento de entrada Ecología
9 (RLIN) 92250
650 26 - ASIENTO SECUNDARIO DE MATERIA - TERMINO TEMATICO
Término temático o nombre geográfico como elemento de entrada Angiospermas
9 (RLIN) 59008
650 26 - ASIENTO SECUNDARIO DE MATERIA - TERMINO TEMATICO
Término temático o nombre geográfico como elemento de entrada Semillas
9 (RLIN) 59009
700 1# - ASIENTO SECUNDARIO - NOMBRE PERSONAL
Nombre personal Evert, Ray F.
9 (RLIN) 22705
700 1# - ASIENTO SECUNDARIO - NOMBRE PERSONAL
Nombre personal Eichchorn, Susan E.
9 (RLIN) 22706
942 ## - ELEMENTOS ADICIONALES (KOHA)
Tipo de ítem Libro
Sistema de clasificación Dewey Decimal Classification
Existencias
Withdrawn status Lost status Sistema de Clasificación Damaged status No para préstamo Colección Inventariado Ubicación Permanente Ubicación actual Fecha de adquisición Fuente de Valor Valor Total Checkouts Número topográfico Inventario / Código de Barras Date last seen Ejemplar Price effective from Forma de adquisición Tipo de material
    Dewey Decimal Classification     General Inventariado 2017 Bogotá Bogotá 03/02/2006 Instituto 39000.00   LB-581.7 R25b 022938 04/12/2012 Ej. 1 04/12/2012   Libro